000 00399nam a22001577a 4500
003 PILC
005 20151016080045.0
008 151016b xxu||||| |||| 00| 0 eng d
020 _a0553572490
050 _aPZ 7
_b.F288 1996
100 _aFeather, Jane.
245 _aVice /
_cJane Feather.
260 _aNew York :
_bBantam Books,
_c1996.
300 _a419 pages ;
_c18 cm.
942 _2lcc
_cBK
_kFOR
999 _c288869
_d288869